LEADER 00840nam 2200169z- 450 001 9910712224503321 035 $a(CKB)5470000002491880 035 $a(EXLCZ)995470000002491880 100 $a20230509c2019uuuu -u- - 101 0 $aeng 200 10$aPacific Northwest National Laboratory investigation of stress corrosion cracking in nickel-base alloys : behavior of alloy 152 and 52 welds 210 $cUnited States Nuclear Regulatory Commission, Office of Nuclear Regulatory Research$aWashington, D.C 517 $aPacific Northwest National Laboratory investigation of stress corrosion cracking in nickel-base alloys 906 $aBOOK 912 $a9910712224503321 996 $aPacific Northwest National Laboratory investigation of stress corrosion cracking in nickel-base alloys : behavior of alloy 152 and 52 welds$93269911 997 $aUNINA LEADER 01074nam0 22002651i 450 001 UON00293282 005 20231205103930.803 100 $a20070423d1959 |0itac50 ba 101 $ager 102 $aDE 105 $a|||| 1|||| 200 1 $aˆDer ‰Ackermann aus Böhmen$e[Ein Streit- und Trostgespräch vom Tode]$feingeleitet, übertragen und erläutert von Felix Genzmer 210 $aStuttgart$cReclam$dstampa 1959 215 $a61 p.$d15 cm. 410 1$1001UON00172990$12001 $aUniversal-Bibliothek$1210 $aStuttgart$cReclam$v7666 620 $aDE$dWiesbaden$3UONL003153 676 $a830.3$cLetteratura tedesca. 1350-1517$v21 702 1$aGENZMER$bFelix$3UONV115708 712 $aReclam$3UONV260734$4650 801 $aIT$bSOL$c20240220$gRICA 899 $aSIBA - SISTEMA BIBLIOTECARIO DI ATENEO$2UONSI 912 $aUON00293282 950 $aSIBA - SISTEMA BIBLIOTECARIO DI ATENEO$dSI Fil.G VI 014 $eSI MR 66307 5 014 996 $aAckermann aus Böhmen$91252317 997 $aUNIOR